Preventing medical emergencies : (Record no. 20346)
[ view plain ]
| 000 -LEADER | |
|---|---|
| fixed length control field | 02046cam a22003135a 4500 |
| 001 - CONTROL NUMBER | |
| control field | 18099277 |
| 005 - DATE AND TIME OF LATEST TRANSACTION | |
| control field | 20160105121445.0 |
| 008 - FIXED-LENGTH DATA ELEMENTS--GENERAL INFORMATION | |
| fixed length control field | 140401t2015 mdua frb 001 0 eng d |
| 020 ## - INTERNATIONAL STANDARD BOOK NUMBER | |
| International Standard Book Number | 1451194188 (pbk.) |
| 020 ## - INTERNATIONAL STANDARD BOOK NUMBER | |
| International Standard Book Number | 9781451194180 (pbk.) |
| 040 ## - CATALOGING SOURCE | |
| Original cataloging agency | DNLM/DLC |
| Language of cataloging | eng |
| Transcribing agency | DLC |
| Modifying agency | EG-ScBUE |
| 082 04 - DEWEY DECIMAL CLASSIFICATION NUMBER | |
| Classification number | 617.60751 |
| Edition number | 22 |
| Item number | PIC |
| 100 1# - MAIN ENTRY--PERSONAL NAME | |
| Personal name | Pickett, Frieda Atherton. |
| 9 (RLIN) | 38972 |
| 245 10 - TITLE STATEMENT | |
| Title | Preventing medical emergencies : |
| Remainder of title | use of the medical history in dental practice / |
| Statement of responsibility, etc | Frieda Atherton Pickett, JoAnn R. Gurenlian. |
| 250 ## - EDITION STATEMENT | |
| Edition statement | 3rd ed. |
| 260 ## - PUBLICATION, DISTRIBUTION, ETC. (IMPRINT) | |
| Place of publication, distribution, etc | Baltimore ; |
| -- | Philadelphia : |
| Name of publisher, distributor, etc | Wolters Kluwer Health, |
| Date of publication, distribution, etc | c.2015. |
| 300 ## - PHYSICAL DESCRIPTION | |
| Extent | ix, 241 p. : |
| Other physical details | ill. (col.) ; |
| Dimensions | 26 cm. |
| 500 ## - GENERAL NOTE | |
| General note | Index : p. 235-241. |
| 504 ## - BIBLIOGRAPHY, ETC. NOTE | |
| Bibliography, etc | Bibliography : p. 213-219. |
| 505 0# - FORMATTED CONTENTS NOTE | |
| Formatted contents note | Using the medical history to prevent emergencies : risk assessment -- The American Dental Association health history form -- The dental history -- Medical information and current drug therapy -- Total joint replacement and potential effects of bisphosphonates -- Allergies to drugs, environmental substances, foods, and metals -- Substance abuse (controlled substances, tobacco use, alcohol) -- Women's issues (pregnancy, lactation, menopause) and antibiotic prophylaxis -- Blood-related abnormalities and blood-borne pathogenic conditions -- Medical conditions involving immunosuppression -- Medical conditions involving the cardiovascular system -- Medical conditions involving neurologic disorders -- Medical conditions involving gastrointestinal disorders and respiratory disease -- Medical conditions involving glaucoma, the kidneys, and thyroid disorders -- Analysis of information with clinical applications. |
| 650 #0 - SUBJECT ADDED ENTRY--TOPICAL TERM | |
| Topical term or geographic name as entry element | Interviewing in dentistry. |
| Source of heading or term | BUEsh |
| 650 #7 - SUBJECT ADDED ENTRY--TOPICAL TERM | |
| Topical term or geographic name as entry element | Medical emergencies |
| General subdivision | Prevention. |
| Source of heading or term | BUEsh |
| 9 (RLIN) | 38975 |
| 650 #0 - SUBJECT ADDED ENTRY--TOPICAL TERM | |
| Topical term or geographic name as entry element | Dental emergencies |
| General subdivision | Prevention. |
| Source of heading or term | BUEsh |
| 650 #7 - SUBJECT ADDED ENTRY--TOPICAL TERM | |
| Topical term or geographic name as entry element | Oral manifestations of general diseases. |
| Source of heading or term | BUEsh |
| 9 (RLIN) | 38973 |
| 651 ## - SUBJECT ADDED ENTRY--GEOGRAPHIC NAME | |
| Source of heading or term | BUEsh |
| 653 ## - INDEX TERM--UNCONTROLLED | |
| Resource For college | |
| Arrived date list | July2015 |
| -- | January2016 |
| 700 1# - ADDED ENTRY--PERSONAL NAME | |
| Personal name | Gurenlian, JoAnn R., |
| 942 ## - ADDED ENTRY ELEMENTS (KOHA) | |
| Source of classification or shelving scheme | Dewey Decimal Classification |
| Call number prefix | 617.60751 PIC |
| Withdrawn status | Lost status | Source of classification or shelving scheme | Damaged status | Not for loan | Koha collection | Home library | Current library | Shelving location | Date acquired | Source of acquisition | Cost, normal purchase price | Serial Enumeration / chronology | Total Checkouts | Total Renewals | Full call number | Barcode | Checked out | Date last seen | Date last borrowed | Cost, replacement price | Koha item type |
|---|---|---|---|---|---|---|---|---|---|---|---|---|---|---|---|---|---|---|---|---|---|
| Dewey Decimal Classification | Baccah | Central Library | Central Library | First floor | 20/07/2015 | Purchase | 442.00 | 21760 | 5 | 23 | 617.60751 PIC | 000030568 | 14/03/2020 | 01/08/2019 | 28/07/2019 | 553.00 | Book - Borrowing |